[Event "GER North-ch Seniors 6th"]
[Site "Bad Bevensen"]
[Date "2003.06.25"]
[Round "5"]
[White "Frank, Werner"]
[Black "Weigel, Hans Juergen"]
[Result "1/2-1/2"]
[WhiteElo "2163"]
[BlackElo "1924"]
[PlyCount "63"]
[EventDate "2003.06.??"]
[EventType "swiss"]
[EventRounds "9"]
[EventCountry "GER"]
[SourceTitle "EXT 2006"]
[Source "ChessBase"]
[SourceDate "2005.11.24"]
[SourceVersion "1"]
[SourceVersionDate "2005.11.24"]
[SourceQuality "1"]

1. d4 Nf6 2. Nf3 d5 3. e3 Bg4 4. c4 c6 5. Qb3 Qb6 6. Ne5 Bf5 7. Nc3 e6 8. Qxb6 axb6 9. f3 Nbd7 10. b3 Bb4 11. Bb2 Nxe5 12. dxe5 Nd7 13. f4 0-0 14. a3 Be7 15. Be2 Nc5 16. b4 Nd3+ 17. Bxd3 Bxd3 18. cxd5 cxd5 19. Ne2 Rfc8 20. Nd4 Rc4 21. Kd2 Be4 22. Rhc1 Bxg2 23. f5 exf5 24. Nxf5 Bf8 25. Rg1 Rac8 26. Nh6+ Kh8 27. Nxf7+ Kg8 28. Nh6+ Kh8 29. Rac1 Rxc1 30. Bxc1 Be4 31. Nf7+ Kg8 32. Nh6+ 1/2-1/2

[Event "GER-chT Seniors 11th"]
[Site "Bad Segeberg"]
[Date "2002.08.11"]
[Round "6.4"]
[White "Weigel, Hans Juergen"]
[Black "Gretzer, Otmar"]
[Result "0-1"]
[WhiteElo "1913"]
[BlackElo "2165"]
[PlyCount "68"]
[EventDate "2002.08.06"]
[EventType "team"]
[EventRounds "7"]
[EventCountry "GER"]
[SourceTitle "EXT 2003"]
[Source "ChessBase"]
[SourceDate "2002.11.25"]
[SourceVersion "1"]
[SourceVersionDate "2002.11.25"]
[SourceQuality "1"]
[WhiteTeam "Hamburg II"]
[BlackTeam "Bayern Muenchen"]
[WhiteTeamCountry "GER"]
[BlackTeamCountry "GER"]

1. b4 c6 2. c4 d5 3. e3 Nf6 4. Bb2 Bf5 5. Nf3 e6 6. Qb3 Be7 7. Be2 0-0 8. 0-0 Nbd7 9. Nc3 Qb6 10. c5 Qc7 11. h3 h6 12. d4 Ne4 13. Qd1 Ndf6 14. Bd3 Rfd8 15. Qc2 Bh7 16. a4 b6 17. Ba3 bxc5 18. bxc5 Rdb8 19. Rfb1 Qa5 20. Na2 Qc7 21. Ne5 a5 22. Rxb8+ Rxb8 23. Rb1 Nd7 24. Nxd7 Rxb1+ 25. Qxb1 Qxd7 26. Qb8+ Bd8 27. Bc1 g5 28. Ba6 Kg7 29. Qc8 Qe7 30. Qxc6 g4 31. hxg4 Qh4 32. g3 Nxg3 33. fxg3 Qxg3+ 34. Kf1 Bh4 0-1

[Event "GER-chT Seniors 11th"]
[Site "Bad Segeberg"]
[Date "2002.08.10"]
[Round "5.4"]
[White "Falkowski, Wilfried"]
[Black "Weigel, Hans Juergen"]
[Result "1/2-1/2"]
[WhiteElo "1861"]
[BlackElo "1913"]
[PlyCount "57"]
[EventDate "2002.08.06"]
[EventType "team"]
[EventRounds "7"]
[EventCountry "GER"]
[SourceTitle "EXT 2003"]
[Source "ChessBase"]
[SourceDate "2002.11.25"]
[SourceVersion "1"]
[SourceVersionDate "2002.11.25"]
[SourceQuality "1"]
[WhiteTeam "Brandenburg II"]
[BlackTeam "Hamburg II"]
[WhiteTeamCountry "GER"]
[BlackTeamCountry "GER"]

1. e4 e6 2. d4 d5 3. Nd2 dxe4 4. Nxe4 Nd7 5. Nf3 Ngf6 6. Nxf6+ Nxf6 7. Bg5 Be7 8. Bd3 0-0 9. 0-0 c5 10. c3 Qc7 11. Qc2 h6 12. Bh4 b6 13. Bg3 Bd6 14. Bxd6 Qxd6 15. Rad1 Bb7 16. dxc5 Qxc5 17. Nd2 Qd5 18. f3 Qc5+ 19. Kh1 Nd5 20. Ne4 Qc7 21. Rfe1 Rfd8 22. a3 Bc6 23. Qf2 Qe7 24. Bc2 Rd7 25. Rd2 Rad8 26. Red1 Nf4 27. Rxd7 Rxd7 28. Rxd7 Qxd7 29. Qd2 1/2-1/2

[Event "GER-chT Seniors 11th"]
[Site "Bad Segeberg"]
[Date "2002.08.09"]
[Round "4.4"]
[White "Weigel, Hans Juergen"]
[Black "Werchan, Hans"]
[Result "1/2-1/2"]
[WhiteElo "1913"]
[BlackElo "2134"]
[PlyCount "58"]
[EventDate "2002.08.06"]
[EventType "team"]
[EventRounds "7"]
[EventCountry "GER"]
[SourceTitle "EXT 2003"]
[Source "ChessBase"]
[SourceDate "2002.11.25"]
[SourceVersion "1"]
[SourceVersionDate "2002.11.25"]
[SourceQuality "1"]
[WhiteTeam "Hamburg II"]
[BlackTeam "Sachsen Anhalt II"]
[WhiteTeamCountry "GER"]
[BlackTeamCountry "GER"]

1. b4 e5 2. Bb2 Bxb4 3. Bxe5 Nf6 4. Nf3 Nc6 5. Bb2 0-0 6. e3 Re8 7. Be2 d5 8. 0-0 Bg4 9. d3 Qe7 10. Nbd2 Rad8 11. Rb1 Bc8 12. c4 a6 13. Qc2 Ng4 14. d4 Nf6 15. Bc3 Bxc3 16. Qxc3 dxc4 17. Bxc4 Nd5 18. Bxd5 Rxd5 19. Nc4 Rh5 20. Ncd2 Nd8 21. Rfc1 c6 22. Qb4 Qxb4 23. Rxb4 Ra5 24. a4 Be6 25. Ne5 f6 26. Nec4 Rh5 27. a5 Re7 28. Rcb1 Rb5 29. h3 Rc7 1/2-1/2

[Event "GER-chT Seniors 10th"]
[Site "Rheda Wiedenbrueck"]
[Date "2001.08.18"]
[Round "7.3"]
[White "Kleinwaechter, Matthias"]
[Black "Weigel, Hans Juergen"]
[Result "1/2-1/2"]
[WhiteElo "1957"]
[BlackElo "2003"]
[PlyCount "41"]
[EventDate "2001.08.12"]
[EventType "team"]
[EventRounds "7"]
[EventCountry "GER"]
[SourceTitle "EXT 2002"]
[Source "ChessBase"]
[SourceDate "2001.11.25"]
[SourceVersion "1"]
[SourceVersionDate "2001.11.25"]
[SourceQuality "1"]
[WhiteTeam "Rheinland Pfalz Seniors II"]
[BlackTeam "Hamburg Seniors II"]
[WhiteTeamCountry "GER"]
[BlackTeamCountry "GER"]

1. e4 e6 2. d3 d5 3. Nd2 Bc5 4. g3 Nf6 5. Bg2 0-0 6. e5 Nfd7 7. Ngf3 Bb6 8. 0-0 c5 9. Re1 Nc6 10. Nf1 Bc7 11. Bf4 b5 12. h4 Bb7 13. N1h2 d4 14. Ng4 Ne7 15. h5 Nf5 16. Ng5 Bxg2 17. Kxg2 Nb6 18. Ne4 Nd5 19. Bg5 Qb8 20. Qd2 Qb6 21. h6 1/2-1/2

[Event "GER-chT Seniors 10th"]
[Site "Rheda Wiedenbrueck"]
[Date "2001.08.14"]
[Round "3.3"]
[White "Herzel, Alois"]
[Black "Weigel, Hans Juergen"]
[Result "1/2-1/2"]
[WhiteElo "1812"]
[BlackElo "2003"]
[PlyCount "58"]
[EventDate "2001.08.12"]
[EventType "team"]
[EventRounds "7"]
[EventCountry "GER"]
[SourceTitle "EXT 2002"]
[Source "ChessBase"]
[SourceDate "2001.11.25"]
[SourceVersion "1"]
[SourceVersionDate "2001.11.25"]
[SourceQuality "1"]
[WhiteTeam "Mecklenburg Vorpommern Seniors"]
[BlackTeam "Hamburg Seniors II"]
[WhiteTeamCountry "GER"]
[BlackTeamCountry "GER"]

1. d4 d5 2. c4 c6 3. Nf3 Nf6 4. e3 e6 5. Nc3 Bd6 6. Bd3 0-0 7. e4 dxe4 8. Nxe4 Nxe4 9. Bxe4 Nd7 10. 0-0 h6 11. Be3 Nf6 12. Bc2 Qa5 13. c5 Bb8 14. a3 Qc7 15. Qd3 Rd8 16. g3 Qe7 17. Qe2 Nd5 18. b4 a6 19. Rfd1 Qf6 20. Bc1 a5 21. Bd2 axb4 22. axb4 Rxa1 23. Rxa1 Bd7 24. Ne5 Be8 25. f4 Ne7 26. Qe4 Qf5 27. Bc3 Qxe4 28. Bxe4 Nd5 29. Bxd5 Bxe5 1/2-1/2

[Event "GER-chT Seniors 10th"]
[Site "Rheda Wiedenbrueck"]
[Date "2001.08.12"]
[Round "1.3"]
[White "Weigel, Hans Juergen"]
[Black "Landgraf, Siegfried"]
[Result "0-1"]
[WhiteElo "2003"]
[BlackElo "2162"]
[PlyCount "129"]
[EventDate "2001.08.12"]
[EventType "team"]
[EventRounds "7"]
[EventCountry "GER"]
[SourceTitle "EXT 2002"]
[Source "ChessBase"]
[SourceDate "2001.11.25"]
[SourceVersion "1"]
[SourceVersionDate "2001.11.25"]
[SourceQuality "1"]
[WhiteTeam "Hamburg Seniors II"]
[BlackTeam "Sachsen Seniors"]
[WhiteTeamCountry "GER"]
[BlackTeamCountry "GER"]

1. b4 e5 2. Bb2 d6 3. e3 Nf6 4. c4 g6 5. Nf3 Bg7 6. Be2 0-0 7. Nc3 Re8 8. Qb3 e4 9. Nd4 c5 10. Nc2 Nc6 11. Rd1 Ne5 12. d4 exd3 13. Bxd3 Nxd3+ 14. Rxd3 Bf5 15. Rd2 Qe7 16. 0-0 b6 17. b5 Rad8 18. Rfd1 h5 19. h3 Bc8 20. Ne1 Bb7 21. Nd3 g5 22. h4 Ne4 23. Nxe4 Qxe4 24. Ne1 gxh4 25. Bxg7 Kxg7 26. Rxd6 Rxd6 27. Rxd6 Qe5 28. Qd1 h3 29. gxh3 Qe4 30. Kf1 Qxc4+ 31. Kg1 Qe4 32. Kf1 Qh1+ 33. Ke2 Qxh3 34. Qa1+ Kg8 35. Qf6 Qg4+ 36. f3 Qg7 37. Qxg7+ Kxg7 38. Rd7 Rb8 39. Ng2 a6 40. a4 axb5 41. axb5 Bc8 42. Rd5 Be6 43. Rxh5 Bc4+ 44. Kf2 Bxb5 45. f4 Bc6 46. Rg5+ Kf6 47. Nh4 Rh8 48. Kg3 Be4 49. Re5 Bb7 50. Rf5+ Ke6 51. Re5+ Kd7 52. Nf5 Kc6 53. Ne7+ Kb5 54. Nf5 Rd8 55. Re7 Bd5 56. e4 Bb3 57. e5 c4 58. Nd6+ Kb4 59. Rb7 Kc5 60. Rxf7 c3 61. Nb7+ Kb4 62. Nd6 Bxf7 63. Nxf7 c2 64. Kg4 c1Q 65. Kf5 0-1